000 00858nam a2200217Ia 4500
008 0000001991 fr a 0000000000fre00
090 _aPSP00 V14X
100 1 _aValls, Javier
_d1923
245 1 0 _axavier Valls
_b: pinturas y acuarelas
_c/ photographie JeanMarie del Moral, JeanLouis Losi
300 _a[46] p.
_c/ 28 cm.
500 _aExposición realizada en la Galería Claude Bernard, Paris, Febrero 612, 1991 \ Con el patronazgo del maestro venezolano Jesús Rafael Soto (q.e.p.d.)
600 0 0 _aVALLS, XAVIER, 1923/
_xTRABAJOS PICTORICOS
650 1 4 _aACUARELA
650 1 4 _aARTE CONTEMPORANEO ESPAÑOL
650 1 4 _xCATALOGOS
650 1 4 _xEXPOSICIONES
650 1 4 _aPINTORES ESPAÑOLES
650 1 4 _aPINTURA ESPAÑOLA
700 1 _aMoral, JeanMarie del \ Losi, JeanLouis
999 _c1481
_d1481
260 _aParis : Galerie Claude Bernard
_c1991